000 00607nam a2200241Ia 4500
003 OSt
005 20220924125038.0
006 a|||||r|||| 00| 0
007 ta
008 220923b |||||||| |||| 00| 0 urd d
020 _c200
024 _a311311
037 _cTextual
040 _aARTS
_cARTS
_burd
041 _2urd
_aurd
082 _aO168,1:gw, N5
100 _aAbdul Wadood
245 0 _aShora ke tazkire
260 _aPatna
_bkhuda Bakhsh India
_c1995
650 _aURDU POETRY
942 _hO168,1:gw, N5
_cTEXL
_2CC
999 _c421527
_d421527